000 00516nam a2200169 4500
001 26939
005 20230410102106.0
008 060907n2004 dr spa
035 _9funglode27143
041 _aES
050 1 4 _a118 LA 543 R696e 2004
100 _aRodríguez Castillo, Príamo
245 1 3 _aLa educación superior en el tercer milenio /
_cPríamo Rodríguez Castillo
260 _aSanto Domingo :
_bUniversidad Tecnológica de Santiago - UTESA,
_c2004
300 _a677 p.
942 _2lcc
_cbk
999 _c18872
_d18872